مكتبة جامعة عجلون الوطنية

فهرس بحث المكتبة

Normal view MARC view
  • التغذية

Entry Topical Term

Number of records used in: 2

001 - CONTROL NUMBER

  • control field: 15754

003 - CONTROL NUMBER IDENTIFIER

  • control field: JO-AjAnu

005 - DATE AND TIME OF LATEST TRANSACTION

  • control field: 20230606072819.0

008 - FIXED-LENGTH DATA ELEMENTS

  • fixed length control field: 230606|| aca||aabn | a|a d

040 ## - CATALOGING SOURCE

  • Original cataloging agency: JO-AjAnu
  • Transcribing agency: JO-AjAnu

150 ## - HEADING--TOPICAL TERM

  • Topical term or geographic name entry element: التغذية

670 ## - SOURCE DATA FOUND

  • Source citation: Work cat.: (JO-AjAnu)8090: عيسى، جواد كاظم , author 15753, التغذية اسرارها ومقوماتها